LEADER 00896nam a2200253 u 4500 001 000000029173 003 CaOOAMICUS 005 20070226111903.0 008 970210s1988 it u000 u ita u 020 $a8817664537 035 $a10751476 040 $aMSA$bita 100 1 $aMeneghello, Luigi.$0(OLS)http://pul/name/23627 245 10$aBau-sète! /$cLuigi Meneghello. 260 $aMilano :$bRizzoli,$c1988. 300 $a199 p. ;$c23 cm 490 1 $aLa Scala 830 3$aLa Scala.$0(OLS)http://pul/title/39890 850 $aPUL 852 $aPUL$W1$xDP1 Altre Collocazioni$y17$mSenza collocazione$j12$nBK-PRI$b $qStampati$B40427$CPULBib$Z2$F40427 $H $81 941 1 $a8 996 $6020$a8817664537$9(OLS)http://pul/number/36383 996 $6245$aBau-sète!$9(OLS)http://pul/title/39892 996 $6260$aMilano :$bRizzoli$9(OLS)http://pul/publisher/48712 LEADER 01009nam a2200253 u 4500 001 000000035060 003 CaOOAMICUS 005 20070226112537.0 008 980218s1997 it u000 u ita u 020 $a8834871448 035 $a10783079 040 $aPUL(R)$bita 100 1 $aBarucchi, Alfredo.$0(OLS)http://pul/name/26924 245 10$aAppunti di giustizia amministrativa.$nParte prima /$cAlfredo Barucchi. 260 $aTorino :$bGiappichelli,$cc1997. 300 $avi, 84 p. ;$c24 cm 650 4$aDiritto amministrativo.$0(OLS)http://pul/subject/17627 850 $aPUL 852 $aPUL$W1$xSL Diritto e Scienze Sociali 1$y4$m175 F 70$j48009$nBK-PRI$b $qStampati$B48009$CPULBib$Z2$F48009 $H $81 941 1 $a8 961 $aINV: 77336 996 $6020$a8834871448$9(OLS)http://pul/number/44114 996 $6245$aAppunti di giustizia amministrativa.$nParte prima$9(OLS)http://pul/title/48262 996 $6260$aTorino :$bGiappichelli$9(OLS)http://pul/publisher/48244